000
00221nam a22000857a 4500
008
160928b xxu||||| |||| 00| 0 eng d
100
_9
791
_a
NCERT
245
_a
Workbooks Marigold-V
260
_a
New Delhi
_b
JBI. Publications
_c
2012
999
_c
3445
_d
3445